000 01110cam a2200313u 4500
999 _c534052
_d534052
001 6936890
003 NUST
005 20200129105922.0
008 830107s1945 iluabc 000 0 eng
010 _a 46000414
038 _aMSOHAIL
040 _aDLC
_cCarP
_dDLC
043 _ae------
050 0 0 _aD443
_b.T73 1945
082 _a941.083
100 1 _aDonald Sommeruille ,
_d1881-1947.
_928172
240 1 0 _aWestern civilization. English. [from old catalog]
245 1 4 _aThe first and second world wars.
260 _aLondon
_aHermes house
_c[2010]
300 _a512, xxxvi p.
_bdouble front., ports., maps (part double) diagrs.
_c24 cm.
650 0 _aWorld War, 1914-1918.
_928173
650 0 _aWorld War, 1939-1945.
_928174
651 0 _aEurope
_xHistory
_y1918-1945.
_928175
700 1 _aGrimm, Harold John,
_d1901- [from old catalog]
_ejoint author.
_928176
700 1 _aSquires, J. Duane
_q(James Duane),
_d1904-
_ejoint author.
_928177
700 1 _aLangsam, Walter Consuelo,
_d1906- [from old catalog]
_eed.
_928178
906 _a0
_bcbc
_cpremunv
_du
_encip
_f19
_gy-gencatlg
942 _2ddc
_cBK